000
00310nam a22001457a 4500
008
210426b ||||| |||| 00| 0 eng d
020
_a
9780871975065
041
_a
eng
080
_a
37
082
_a
37
100
_a
46
101
_a
EDU
245
_a
Student Handbook
_c
Karen. C. Tilton
942
_2
udc
_c
BK
999
_c
56717
_d
56717